000 00467nam a22001697a 4500
003 OSt
005 20260223100947.0
008 250107b |||||||| |||| 00| 0 eng d
020 _a9780323780911
040 _aSRHU
_bEnglish
_cSRHU
082 _223rd
_a617.48
245 _aYoumans & Winn Neurological Surgery Vol 4
_cWinn , Richard H
250 _a8th
260 _a Phildelphia
_b Elsevier
_c2023
300 _acx,3822p
_c28
942 _2ddc
_cNEUROSURG
_e8th
999 _c19304
_d19304